| 000 | 00000nam##2200000za#4500 |
| 001 | 9.576035 |
| 003 | CaOODSP |
| 005 | 20210624184941 |
| 007 | cr ||||||||||| |
| 008 | 150406|1989||||xxc|||||o f|0| 0 eng|d |
| 040 | |aCaOODSP|beng |
| 043 | |an-cn--- |
| 086 | 1 |aCS98-131/1989E-PDF |
| 245 | 00|aCanada - a linguistic profile / |h[electronic resource]|cby Robert Bourbeau. |
| 260 | |aOttawa - Ontario : |bStatistics Canada |c1989. |
| 490 | 1 |aFocus on Canada|v98-131 |
| 590 | |a13-07-Supp|b2013-03-25 |
| 690 | 07|aCensus data|2gcpds |
| 690 | 07|aLanguages|2gcpds |
| 710 | 2 |aStatistics Canada. |
| 775 | 08|tLe Canada - un profil linguistique / |w(CaOODSP)9.605392 |
| 830 | #0|aFocus on Canada ;|v98-131|w(CaOODSP)9.507430 |
| 856 | 40|ahttp://publications.gc.ca|qPDF|s669 KB|uhttps://publications.gc.ca/collections/collection_2013/statcan/rh-hc/CS98-131-1989-eng.pdf|y98-131 |